Futbolista sudamericano del año - Estadísticas

Estadísticas generales
  • Esta prueba ha sido intentada 16 veces
  • La puntuación promedio es 14 de 44
Estadísticas de respuestas
% Correcto
2011, 2012 Neymar Jr
81%
1973 Pelé
81%
2001 Juan Román Riquelme
69%
2013 Ronaldinho
69%
2021 Julián Álvarez
63%
2015 Carlos Sánchez
56%
2003, 2004, 2005 Carlos Tévez
56%
1979, 1980 Diego Maradona
56%
2025 Giorgian de Arrascaeta
56%
2018 Gonzalo Martínez
56%
2019 Gabriel Barbosa
50%
2023 Germán Cano
44%
1998 Martín Palermo
44%
1983 Sócrates
44%
2008, 2009 Juan Sebastián Verón
38%
2000 Romário
38%
2014 Teófilo Gutiérrez
38%
1977, 1981, 1982 Zico
38%
1987, 1993 Carlos Valderrama
31%
2024 Luiz Henrique
31%
1978 Mario Alberto Kempes
31%
2016 Miguel Borja
31%
2010 Andrés D'Alessandro
25%
1984, 1995 Enzo Francescoli
25%
1996 José Luis Chilavert
25%
2006 Matías Fernández
25%
2022 Pedro Guilherme
25%
1985 Romerito
25%
1989 Bebeto
19%
1994 Cafu
19%
2017 Luan
19%
1997 Marcelo Salas
19%
2007 Salvador Cabañas
19%
2020 Marinho
13%
1991 Óscar Ruggeri
13%
1992 Raí
13%
1988 Rubén Paz
13%
1972 Teófilo Cubillas
13%
1986 Antonio Alzamendi
6%
1974, 1975, 1976 Elías Figueroa
6%
1999 Javier Saviola
6%
2002 José Cardozo
6%
1990 Raúl Vicente Amarilla
6%
1971 Tostão
6%
No se encontraron pruebas coincidentes
Distribución de puntuación
Porcentaje de gente con cada puntuación
Porcentaje por número respondido
Historial de tus puntuaciones
No has intentado esta prueba.